Zur logischen Struktur des Kapitalbegriffs bei Karl Marx
Αποθηκεύτηκε σε:
| Κύριος συγγραφέας: | |
|---|---|
| Μορφή: | Βιβλίο |
| Γλώσσα: | German |
| Δημοσίευση: |
Frankfurt :
Europaische Verlagsanst,
1973
|
| Έκδοση: | 4. aufl., durch. |
| Σειρά: | Politische, Okonomie Geschichte und Kritik
|
| Θέματα: | |
| Ετικέτες: |
Προσθήκη ετικέτας
Δεν υπάρχουν, Καταχωρήστε ετικέτα πρώτοι!
|
MARC
| LEADER | 00000cam a2200000 i 4500 | ||
|---|---|---|---|
| 001 | 1/6983 | ||
| 008 | 000618s1973 ger d | ||
| 020 | |a 3434450270 | ||
| 035 | |l 10062124 | ||
| 040 | |a GR-MY-UA |b gre |e aacr | ||
| 041 | 0 | |a ger | |
| 082 | 0 | |a 335.412 | |
| 100 | 1 | |a Reichelt, Helmut. | |
| 245 | 1 | 0 | |a Zur logischen Struktur des Kapitalbegriffs bei Karl Marx / |c Helmut Reichelt ; Mit einem Vorwort von Iring Fetscher |
| 250 | |a 4. aufl., durch. | ||
| 260 | |a Frankfurt : |b Europaische Verlagsanst, |c 1973 | ||
| 300 | |a 265 σ. | ||
| 490 | 1 | |a Politische, Okonomie Geschichte und Kritik | |
| 504 | |a Περιέχει βιβλιογραφικές παραπομπές και ευρετήριο | ||
| 600 | 1 | 0 | |a Marx, Karl, |d 1818-1883. |t Kapital. |
| 650 | 0 | 0 | |a Marxian economics. |
| 650 | 0 | 0 | |a Capital. |
| 830 | 0 | |a Politische, Okonomie Geschichte und Kritik | |
| 852 | |a INST |b LESVOS |e 20000618 |h 335.412 REI |p 005100023311 |q 005100023311 |t BK |y 0 | ||
| 909 | |a Λ |b 077690 | ||
| 970 | |z 2000/06/ΟΙΚΟΝΟΜΟΠΟΥΛΟΥ ΧΡΙΣΤΙΝΑ | ||